[Event "DVM U12 2017"]
[Site "Magdeburg GER"]
[Date "2017.12.30"]
[Round "7"]
[White "Tolstorukova, Amelie"]
[Black "Huo, Da"]
[Result "0-1"]
[Termination "normal"]
[Board "1.3"]
[WhiteElo "1223"]
[BlackElo "1632"]
[WhiteClock "00:30:13"]
[BlackClock "01:11:56"]
[WhiteTeam "SK Freiburg-Zähringen"]
[BlackTeam "Hamburger SK"]
[PlyCount "96"]
[WhiteFideId "16255496"]
[BlackFideId "16221206"]
[EventCountry "GER"]
[EventRounds "7"]
[EventType "team-swiss"]
[EventDate "2017.12.26"]

1. e4 c5 {[%clk 1:30:22]} 2. Nc3 {[%clk 1:30:54]} a6 {[%clk 1:30:14]} 3. d3
{[%clk 1:31:17]} b5 {[%clk 1:30:14]} 4. a3 {[%clk 1:32:05]} Bb7 {[%clk
1:30:09]} 5. Bf4 {[%clk 1:32:17]} e6 {[%clk 1:29:38]} 6. Nf3 {[%clk 1:32:26]}
d6 {[%clk 1:28:28]} 7. e5 {[%clk 1:31:53]} d5 8. g3 {[%clk 1:24:07]} Nd7 {[%clk
1:31:05]} 9. b4 {[%clk 1:20:19]} cxb4 {[%clk 1:31:07]} 10. axb4 {[%clk
1:20:35]} Bxb4 {[%clk 1:31:24]} 11. Bd2 {[%clk 1:19:27]} Ne7 {[%clk 1:30:35]}
12. d4 {[%clk 1:16:12]} Rc8 {[%clk 1:29:31]} 13. Ne2 {[%clk 1:14:17]} Bxd2+
{[%clk 1:29:51]} 14. Qxd2 {[%clk 1:14:16]} h6 {[%clk 1:27:30]} 15. h4 {[%clk
1:12:39]} Nb6 {[%clk 1:26:52]} 16. Bg2 {[%clk 1:08:19]} Nc4 {[%clk 1:26:47]}
17. Qd1 {[%clk 1:07:04]} Nb2 {[%clk 1:26:27]} 18. Qb1 {[%clk 1:05:58]} Nc4
{[%clk 1:25:52]} 19. O-O {[%clk 1:04:01]} O-O {[%clk 1:25:13]} 20. Rd1 {[%clk
1:03:32]} Nc6 {[%clk 1:25:01]} 21. Nd2 {[%clk 1:01:47]} N6a5 {[%clk 1:24:24]}
22. Nxc4 {[%clk 1:01:49]} Nxc4 {[%clk 1:24:24]} 23. c3 {[%clk 0:59:33]} Qd7
{[%clk 1:21:46]} 24. Nc1 {[%clk 0:55:32]} a5 {[%clk 1:19:16]} 25. Nd3 {[%clk
0:55:13]} Bc6 {[%clk 1:17:29]} 26. Nc5 {[%clk 0:53:40]} Qe7 {[%clk 1:16:12]}
27. Bf1 {[%clk 0:50:36]} f5 {[%clk 1:14:28]} 28. Bxc4 {[%clk 0:50:29]} dxc4
{[%clk 1:13:49]} 29. f4 {[%clk 0:47:10]} Qd8 {[%clk 1:12:13]} 30. Nxe6 {[%clk
0:43:42]} Qd5 {[%clk 1:12:08]} 31. Ra2 {[%clk 0:35:58]} Qxe6 {[%clk 1:11:39]}
32. Rxa5 {[%clk 0:34:49]} Qd5 {[%clk 1:11:39]} 33. Kf1 {[%clk 0:32:49]} Qg2+
{[%clk 1:10:33]} 34. Ke1 {[%clk 0:32:54]} Bf3 {[%clk 1:11:00]} 35. Ra2 {[%clk
0:31:12]} Qxg3+ {[%clk 1:08:40]} 36. Kf1 {[%clk 0:30:47]} Bxd1 {[%clk 1:08:46]}
37. Qxd1 {[%clk 0:30:47]} Qxf4+ {[%clk 1:08:58]} 38. Rf2 {[%clk 0:30:37]} Qg3
{[%clk 1:08:19]} 39. e6 {[%clk 0:29:52]} Qd3+ {[%clk 1:08:39]} 40. Qxd3 {[%clk
0:29:46]} cxd3 {[%clk 1:09:07]} 41. Rf3 {[%clk 0:29:39]} Rxc3 {[%clk 1:09:22]}
42. Ke1 {[%clk 0:29:38]} d2+ {[%clk 1:09:45]} 43. Kd1 {[%clk 0:30:03]} Rxf3
{[%clk 1:10:10]} 44. d5 {[%clk 0:29:57]} Rd3 {[%clk 1:10:36]} 45. e7 {[%clk
0:29:52]} Ra8 {[%clk 1:10:45]} 46. h5 {[%clk 0:29:51]} Ra1+ {[%clk 1:11:07]}
47. Kc2 {[%clk 0:29:56]} d1=Q+ {[%clk 1:11:33]} 48. Kb2 {[%clk 0:30:13]} Rb3#
{[%clk 1:11:56]} 0-1

[Event "DVM U12 2017"]
[Site "Magdeburg GER"]
[Date "2017.12.30"]
[Round "7"]
[White "Blome, Johannes"]
[Black "Trimpin, Fynn"]
[Result "1-0"]
[Termination "normal"]
[Board "1.4"]
[WhiteElo "1683"]
[BlackElo "1028"]
[WhiteClock "00:49:54"]
[BlackClock "01:27:14"]
[WhiteTeam "Hamburger SK"]
[BlackTeam "SK Freiburg-Zähringen"]
[PlyCount "59"]
[WhiteFideId "16233972"]
[BlackFideId "16255500"]
[EventCountry "GER"]
[EventRounds "7"]
[EventType "team-swiss"]
[EventDate "2017.12.26"]

1. e4 {[%clk 1:30:59]} e5 {[%clk 1:30:52]} 2. Nf3 {[%clk 1:31:22]} Nc6 {[%clk
1:31:18]} 3. Bc4 {[%clk 1:31:41]} Nf6 {[%clk 1:31:42]} 4. d3 {[%clk 1:32:01]}
d6 {[%clk 1:32:01]} 5. c3 {[%clk 1:29:57]} Be7 {[%clk 1:31:47]} 6. O-O {[%clk
1:26:46]} Be6 {[%clk 1:32:00]} 7. Bxe6 {[%clk 1:26:12]} fxe6 {[%clk 1:32:24]}
8. Qb3 Qc8 {[%clk 1:32:34]} 9. Ng5 {[%clk 1:25:35]} d5 {[%clk 1:32:23]} 10. Nd2
{[%clk 1:21:10]} h6 {[%clk 1:32:27]} 11. Ngf3 {[%clk 1:20:42]} O-O {[%clk
1:32:20]} 12. Re1 {[%clk 1:20:24]} Bd6 {[%clk 1:32:34]} 13. d4 {[%clk 1:19:24]}
Re8 {[%clk 1:32:49]} 14. dxe5 {[%clk 1:17:44]} Nxe5 {[%clk 1:31:53]} 15. Nxe5
{[%clk 1:17:56]} Bxe5 {[%clk 1:32:17]} 16. Nf3 {[%clk 1:18:04]} Bd6 {[%clk
1:32:25]} 17. e5 {[%clk 1:18:16]} Rf8 {[%clk 1:29:41]} 18. exd6 {[%clk
1:18:17]} cxd6 {[%clk 1:29:59]} 19. Nd4 {[%clk 1:04:57]} e5 {[%clk 1:29:44]}
20. Nc2 {[%clk 1:04:12]} Ng4 {[%clk 1:29:42]} 21. Qxd5+ {[%clk 1:03:54]} Kh8
{[%clk 1:30:01]} 22. f3 {[%clk 1:03:33]} Qf5 {[%clk 1:29:55]} 23. Ne3 {[%clk
1:02:05]} Nxe3 {[%clk 1:28:53]} 24. Bxe3 {[%clk 1:02:28]} Qc2 {[%clk 1:28:51]}
25. a3 {[%clk 0:58:54]} Rf6 {[%clk 1:28:35]} 26. Qxb7 {[%clk 0:57:09]} Raf8
{[%clk 1:28:01]} 27. Qb5 {[%clk 0:53:07]} Qg6 {[%clk 1:27:40]} 28. Kh1 {[%clk
0:52:15]} Qh5 {[%clk 1:27:26]} 29. f4 {[%clk 0:49:33]} exf4 {[%clk 1:27:14]}
30. Qxh5 {[%clk 0:49:54]} 1-0

[Event "DVM U12 2017"]
[Site "Magdeburg GER"]
[Date "2017.12.30"]
[Round "7"]
[White "Zeuner, Ole"]
[Black "Gallasch, Jonas"]
[Result "0-1"]
[Termination "normal"]
[Board "2.1"]
[WhiteElo "1848"]
[BlackElo "1877"]
[WhiteClock "00:21:27"]
[BlackClock "00:35:08"]
[WhiteTeam "Schachzwerge Magdeburg"]
[BlackTeam "SG Porz"]
[PlyCount "54"]
[WhiteFideId "12943576"]
[BlackFideId "16222474"]
[EventCountry "GER"]
[EventRounds "7"]
[EventType "team-swiss"]
[EventDate "2017.12.26"]

1. e4 {[%clk 1:30:58]} c6 {[%clk 1:30:51]} 2. d4 {[%clk 1:30:52]} d5 {[%clk
1:31:15]} 3. Nc3 {[%clk 1:30:27]} dxe4 {[%clk 1:31:03]} 4. Nxe4 {[%clk
1:30:50]} Bf5 {[%clk 1:31:27]} 5. Ng3 {[%clk 1:31:10]} Bg6 {[%clk 1:31:51]} 6.
N1e2 {[%clk 1:30:24]} h6 {[%clk 1:18:50]} 7. Nf4 {[%clk 1:26:49]} Bh7 {[%clk
1:19:02]} 8. Bc4 {[%clk 1:24:33]} e6 {[%clk 1:18:29]} 9. O-O {[%clk 1:23:24]}
Nf6 {[%clk 1:17:26]} 10. Ngh5 {[%clk 1:10:25]} Nbd7 {[%clk 1:03:21]} 11. c3
{[%clk 1:06:11]} Qb6 {[%clk 0:57:36]} 12. Re1 {[%clk 1:03:10]} O-O-O {[%clk
0:55:41]} 13. b4 {[%clk 0:59:07]} g5 {[%clk 0:52:41]} 14. Nd3 {[%clk 0:48:04]}
Nxh5 {[%clk 0:51:25]} 15. Qxh5 {[%clk 0:48:23]} Bg6 {[%clk 0:51:47]} 16. Qf3
{[%clk 0:46:43]} Qc7 {[%clk 0:42:10]} 17. Ne5 {[%clk 0:39:10]} Nxe5 {[%clk
0:40:40]} 18. dxe5 {[%clk 0:39:27]} Bg7 {[%clk 0:40:03]} 19. Qe3 {[%clk
0:38:35]} b5 {[%clk 0:38:47]} 20. Bb3 {[%clk 0:25:12]} Rd3 {[%clk 0:38:30]} 21.
Qc5 {[%clk 0:25:09]} Bf8 {[%clk 0:38:04]} 22. Qe3 {[%clk 0:24:38]} Rxe3 {[%clk
0:38:22]} 23. Bxe3 {[%clk 0:24:51]} c5 {[%clk 0:34:32]} 24. a4 {[%clk 0:23:59]}
c4 {[%clk 0:33:58]} 25. axb5 {[%clk 0:20:57]} cxb3 {[%clk 0:34:17]} 26. Rxa7
{[%clk 0:21:18]} Qxa7 {[%clk 0:34:40]} 27. Bxa7 {[%clk 0:21:27]} b2 {[%clk
0:35:08]} 0-1

[Event "DVM U12 2017"]
[Site "Magdeburg GER"]
[Date "2017.12.30"]
[Round "7"]
[White "Kogan, Gabriel"]
[Black "Morgenstern, Tobias"]
[Result "1/2-1/2"]
[Termination "normal"]
[Board "2.2"]
[WhiteElo "1418"]
[BlackElo "1766"]
[WhiteClock "01:02:46"]
[BlackClock "00:41:12"]
[WhiteTeam "SG Porz"]
[BlackTeam "Schachzwerge Magdeburg"]
[PlyCount "65"]
[WhiteFideId "16238265"]
[BlackFideId "12974390"]
[EventCountry "GER"]
[EventRounds "7"]
[EventType "team-swiss"]
[EventDate "2017.12.26"]

1. e4 {[%clk 1:30:59]} e5 {[%clk 1:30:58]} 2. Nf3 {[%clk 1:31:23]} Nc6 {[%clk
1:31:24]} 3. Bc4 {[%clk 1:31:38]} Bc5 {[%clk 1:31:49]} 4. c3 {[%clk 1:31:58]}
Nf6 {[%clk 1:32:14]} 5. d3 {[%clk 1:32:16]} a6 {[%clk 1:32:26]} 6. O-O {[%clk
1:32:19]} Ba7 {[%clk 1:32:40]} 7. Be3 {[%clk 1:32:35]} d6 {[%clk 1:32:19]} 8.
Bxa7 {[%clk 1:31:51]} Nxa7 {[%clk 1:32:08]} 9. Nbd2 {[%clk 1:31:13]} O-O {[%clk
1:32:02]} 10. Re1 {[%clk 1:30:20]} Be6 {[%clk 1:24:39]} 11. Bb3 {[%clk
1:25:54]} Nc6 {[%clk 1:21:39]} 12. d4 {[%clk 1:25:06]} exd4 {[%clk 1:16:53]}
13. cxd4 {[%clk 1:25:09]} d5 {[%clk 1:14:36]} 14. e5 {[%clk 1:21:54]} Nd7
{[%clk 1:13:14]} 15. Bc2 {[%clk 1:21:10]} f6 {[%clk 1:08:32]} 16. Nf1 {[%clk
1:18:30]} fxe5 {[%clk 1:08:12]} 17. Nxe5 {[%clk 1:18:27]} Ndxe5 {[%clk
1:08:10]} 18. dxe5 {[%clk 1:18:43]} Qg5 {[%clk 1:07:36]} 19. Qd3 {[%clk
1:11:20]} Nxe5 {[%clk 0:58:37]} 20. Qg3 {[%clk 1:08:11]} Qxg3 {[%clk 0:52:48]}
21. Nxg3 {[%clk 1:08:19]} Nc6 {[%clk 0:51:03]} 22. Rxe6 {[%clk 1:06:32]} Nd4
{[%clk 0:51:30]} 23. Bxh7+ {[%clk 1:06:38]} Kxh7 {[%clk 0:51:20]} 24. Re7
{[%clk 1:06:36]} Rae8 {[%clk 0:47:52]} 25. Rxc7 {[%clk 1:04:22]} Ne2+ {[%clk
0:47:49]} 26. Kf1 {[%clk 1:04:27]} Nxg3+ {[%clk 0:47:26]} 27. hxg3 {[%clk
1:04:36]} b5 {[%clk 0:47:05]} 28. Re1 {[%clk 1:04:21]} d4 {[%clk 0:40:49]} 29.
Rd7 {[%clk 1:04:12]} Rc8 {[%clk 0:40:54]} 30. b3 {[%clk 1:01:43]} Rc2 {[%clk
0:40:32]} 31. Re2 {[%clk 1:01:59]} Rc1+ {[%clk 0:40:49]} 32. Re1 {[%clk
1:02:22]} Rc2 {[%clk 0:41:12]} 33. Re2 {[%clk 1:02:46]} 1/2-1/2

[Event "DVM U12 2017"]
[Site "Magdeburg GER"]
[Date "2017.12.30"]
[Round "7"]
[White "Joppich, Til"]
[Black "Sabirov, Rafael"]
[Result "1-0"]
[Termination "normal"]
[Board "2.3"]
[WhiteElo "1758"]
[BlackElo "1470"]
[WhiteClock "00:01:34"]
[BlackClock "00:00:32"]
[WhiteTeam "Schachzwerge Magdeburg"]
[BlackTeam "SG Porz"]
[PlyCount "72"]
[WhiteFideId "16232917"]
[BlackFideId "16241185"]
[EventCountry "GER"]
[EventRounds "7"]
[EventType "team-swiss"]
[EventDate "2017.12.26"]

1. e4 {[%clk 1:30:57]} c5 {[%clk 1:30:56]} 2. Nf3 {[%clk 1:31:22]} e6 {[%clk
1:31:21]} 3. d4 {[%clk 1:31:44]} cxd4 {[%clk 1:31:46]} 4. Nxd4 {[%clk 1:32:05]}
a6 {[%clk 1:32:10]} 5. Bd3 {[%clk 1:32:22]} Qc7 {[%clk 1:32:29]} 6. O-O {[%clk
1:28:48]} Be7 {[%clk 1:32:54]} 7. Be3 {[%clk 1:26:52]} Nf6 {[%clk 1:33:04]} 8.
Nc3 {[%clk 1:26:06]} Nc6 {[%clk 1:33:16]} 9. Kh1 {[%clk 1:09:16]} O-O {[%clk
1:33:33]} 10. f4 {[%clk 1:03:54]} d6 {[%clk 1:33:50]} 11. Qf3 {[%clk 1:03:19]}
Re8 {[%clk 1:28:54]} 12. h3 {[%clk 0:54:06]} e5 {[%clk 1:27:02]} 13. Nde2
{[%clk 0:53:04]} exf4 {[%clk 1:17:28]} 14. Bxf4 {[%clk 0:52:39]} Ne5 {[%clk
1:12:10]} 15. Qe3 {[%clk 0:50:04]} Be6 {[%clk 1:07:20]} 16. Nd4 {[%clk
0:47:55]} Nxd3 {[%clk 0:53:10]} 17. cxd3 {[%clk 0:46:02]} Qc5 {[%clk 0:47:08]}
18. Rac1 {[%clk 0:41:20]} Qb6 {[%clk 0:35:42]} 19. Qf2 {[%clk 0:36:26]} d5
{[%clk 0:23:24]} 20. Be3 {[%clk 0:29:06]} dxe4 {[%clk 0:19:31]} 21. dxe4 {[%clk
0:27:02]} Qd6 {[%clk 0:16:33]} 22. Rfd1 {[%clk 0:26:15]} Qe5 {[%clk 0:15:46]}
23. Bf4 {[%clk 0:23:43]} Qh5 {[%clk 0:14:30]} 24. Nxe6 {[%clk 0:21:53]} fxe6
{[%clk 0:14:42]} 25. Qb6 {[%clk 0:19:09]} Bc5 {[%clk 0:11:09]} 26. Qxb7 {[%clk
0:09:25]} Ng4 {[%clk 0:06:03]} 27. Bg3 {[%clk 0:09:13]} Bf2 {[%clk 0:03:27]}
28. Qc7 {[%clk 0:08:59]} e5 {[%clk 0:01:28]} 29. Rd7 {[%clk 0:03:39]} Ra7
{[%clk 0:00:32]} 30. Qc4+ {[%clk 0:03:35]} Kh8 {[%clk 0:00:50]} 31. Rxa7 Bxa7
{[%clk 0:00:42]} 32. Nd1 {[%clk 0:01:59]} Qh6 {[%clk 0:00:45]} 33. Qc8 {[%clk
0:01:41]} Rg8 {[%clk 0:00:39]} 34. Rc6 {[%clk 0:01:29]} Qd2 {[%clk 0:00:41]}
35. Qxg4 {[%clk 0:01:33]} Qd4 {[%clk 0:00:32]} 36. Bf2 {[%clk 0:01:34]} Qd3 1-0

[Event "DVM U12 2017"]
[Site "Magdeburg GER"]
[Date "2017.12.30"]
[Round "7"]
[White "Kazimov, Alis"]
[Black "Khanbekyan, Areg"]
[Result "1/2-1/2"]
[Termination "normal"]
[Board "2.4"]
[WhiteElo "1495"]
[BlackElo "1597"]
[WhiteClock "00:06:19"]
[BlackClock "00:11:00"]
[WhiteTeam "SG Porz"]
[BlackTeam "Schachzwerge Magdeburg"]
[PlyCount "67"]
[WhiteFideId "16255348"]
[BlackFideId "12993727"]
[EventCountry "GER"]
[EventRounds "7"]
[EventType "team-swiss"]
[EventDate "2017.12.26"]

1. e4 {[%clk 1:30:57]} c5 {[%clk 1:31:18]} 2. c4 {[%clk 1:31:12]} d6 {[%clk
1:30:29]} 3. Nc3 {[%clk 1:31:09]} Nf6 {[%clk 1:30:17]} 4. g3 {[%clk 1:30:45]}
g6 {[%clk 1:29:45]} 5. Bg2 {[%clk 1:30:35]} Bg7 {[%clk 1:29:52]} 6. Nge2 {[%clk
1:30:06]} O-O {[%clk 1:28:56]} 7. O-O {[%clk 1:29:45]} Nc6 {[%clk 1:28:45]} 8.
d3 {[%clk 1:29:39]} Be6 {[%clk 1:26:08]} 9. Nf4 {[%clk 1:22:53]} Nd4 {[%clk
1:21:58]} 10. Nxe6 {[%clk 1:21:03]} Nxe6 {[%clk 1:15:37]} 11. h3 {[%clk
1:20:40]} Nd7 {[%clk 1:09:36]} 12. Be3 {[%clk 1:17:04]} Ne5 {[%clk 1:06:08]}
13. a3 {[%clk 1:08:49]} Nc6 {[%clk 1:03:05]} 14. Rb1 {[%clk 1:05:29]} Ned4
{[%clk 0:51:42]} 15. Ne2 {[%clk 0:55:13]} a6 {[%clk 0:40:01]} 16. Nxd4 {[%clk
0:48:44]} Nxd4 {[%clk 0:37:06]} 17. b4 {[%clk 0:42:38]} b5 {[%clk 0:30:45]} 18.
Qd2 {[%clk 0:36:18]} Rb8 {[%clk 0:27:49]} 19. Rfc1 {[%clk 0:28:42]} cxb4 {[%clk
0:24:44]} 20. axb4 {[%clk 0:27:29]} f5 {[%clk 0:21:56]} 21. f4 {[%clk 0:22:01]}
Qd7 {[%clk 0:19:06]} 22. Rf1 {[%clk 0:18:21]} Kh8 {[%clk 0:18:09]} 23. Kh2
{[%clk 0:17:09]} e5 {[%clk 0:17:02]} 24. Bxd4 {[%clk 0:16:38]} exd4 {[%clk
0:17:22]} 25. Rfe1 {[%clk 0:14:07]} Rfe8 {[%clk 0:16:49]} 26. Re2 {[%clk
0:11:57]} Qc7 {[%clk 0:15:57]} 27. Rc1 {[%clk 0:11:29]} Rbc8 {[%clk 0:12:02]}
28. Ree1 {[%clk 0:10:56]} Qf7 {[%clk 0:11:47]} 29. cxb5 {[%clk 0:09:59]} axb5
{[%clk 0:12:13]} 30. Rxc8 {[%clk 0:10:14]} Rxc8 {[%clk 0:12:39]} 31. Rc1 {[%clk
0:09:49]} Qe8 {[%clk 0:10:39]} 32. exf5 {[%clk 0:07:37]} gxf5 {[%clk 0:10:51]}
33. Re1 {[%clk 0:07:31]} Qd7 {[%clk 0:11:00]} 34. Qe2 {[%clk 0:06:19]} 1/2-1/2

[Event "DVM U12 2017"]
[Site "Magdeburg GER"]
[Date "2017.12.30"]
[Round "7"]
[White "Wiedersich, Hendryk"]
[Black "Hommer, Jeremy"]
[Result "0-1"]
[Termination "normal"]
[Board "3.1"]
[WhiteElo "1447"]
[BlackElo "1975"]
[WhiteClock "00:59:14"]
[BlackClock "00:35:26"]
[WhiteTeam "SV Dresden-Leuben"]
[BlackTeam "SC Turm Lüneburg"]
[PlyCount "111"]
[WhiteFideId "16255399"]
[BlackFideId "12992577"]
[EventCountry "GER"]
[EventRounds "7"]
[EventType "team-swiss"]
[EventDate "2017.12.26"]

1. d4 {[%clk 1:30:56]} e6 {[%clk 1:30:53]} 2. Nc3 {[%clk 1:31:09]} d5 {[%clk
1:31:16]} 3. e4 {[%clk 1:31:29]} dxe4 {[%clk 1:31:38]} 4. Nxe4 {[%clk 1:31:28]}
Bd7 {[%clk 1:32:03]} 5. a4 {[%clk 1:31:24]} Bc6 {[%clk 1:28:32]} 6. Bb5 {[%clk
1:30:12]} Be7 {[%clk 1:24:49]} 7. Nf3 {[%clk 1:27:53]} a6 {[%clk 1:22:20]} 8.
Bxc6+ {[%clk 1:23:40]} Nxc6 {[%clk 1:22:35]} 9. O-O {[%clk 1:23:39]} Nf6 {[%clk
1:22:50]} 10. Ng3 {[%clk 1:23:33]} O-O {[%clk 1:22:06]} 11. Bf4 {[%clk
1:22:11]} Nb4 {[%clk 1:15:41]} 12. c3 {[%clk 1:20:36]} Nbd5 {[%clk 1:15:42]}
13. Bg5 {[%clk 1:20:24]} h6 {[%clk 1:15:49]} 14. Bd2 {[%clk 1:13:23]} c5 {[%clk
1:15:19]} 15. Qb3 {[%clk 1:11:11]} Qc7 {[%clk 1:11:51]} 16. c4 {[%clk 1:10:26]}
Nb4 {[%clk 1:02:54]} 17. dxc5 {[%clk 1:08:56]} Qxc5 {[%clk 0:56:25]} 18. a5
{[%clk 1:07:27]} Nc6 {[%clk 0:48:30]} 19. Be3 {[%clk 1:07:06]} Qb4 {[%clk
0:48:40]} 20. Qxb4 {[%clk 1:07:02]} Bxb4 {[%clk 0:48:52]} 21. Nd4 {[%clk
1:06:21]} Rac8 {[%clk 0:45:03]} 22. Nxc6 {[%clk 1:03:41]} Rxc6 {[%clk 0:45:23]}
23. b3 {[%clk 1:03:57]} Rd8 {[%clk 0:44:16]} 24. Bf4 {[%clk 1:03:54]} Rc5
{[%clk 0:42:15]} 25. Ra4 {[%clk 0:59:39]} Bc3 {[%clk 0:40:05]} 26. Rc1 {[%clk
0:58:43]} Rd3 {[%clk 0:39:17]} 27. Ne2 {[%clk 0:57:22]} Bxa5 {[%clk 0:36:42]}
28. Be3 {[%clk 0:56:56]} Re5 {[%clk 0:34:48]} 29. Nf4 {[%clk 0:54:41]} Rxb3
{[%clk 0:31:15]} 30. Bd4 {[%clk 0:54:38]} Rf5 {[%clk 0:30:28]} 31. Bxf6 {[%clk
0:54:58]} gxf6 {[%clk 0:29:44]} 32. Ra2 {[%clk 0:54:36]} Rxf4 {[%clk 0:29:15]}
33. Rxa5 {[%clk 0:54:58]} Rxc4 {[%clk 0:29:36]} 34. Rd1 {[%clk 0:54:52]} Rd3
{[%clk 0:29:03]} 35. Rb1 {[%clk 0:55:13]} Rdc3 {[%clk 0:29:23]} 36. Raa1 {[%clk
0:55:24]} b5 {[%clk 0:29:45]} 37. h3 {[%clk 0:55:41]} Rc6 {[%clk 0:29:37]} 38.
Ra5 {[%clk 0:55:41]} Rc1+ {[%clk 0:29:59]} 39. Rxc1 {[%clk 0:56:01]} Rxc1+
{[%clk 0:30:26]} 40. Kh2 {[%clk 0:56:13]} Rc6 {[%clk 0:30:50]} 41. Kg3 {[%clk
0:56:28]} Rb6 {[%clk 0:31:12]} 42. Kf3 {[%clk 0:55:50]} b4 {[%clk 0:31:31]} 43.
Ke2 {[%clk 0:56:11]} b3 {[%clk 0:31:54]} 44. Ra1 {[%clk 0:56:36]} b2 {[%clk
0:32:11]} 45. Rb1 {[%clk 0:57:01]} Kg7 {[%clk 0:32:33]} 46. Kd2 {[%clk
0:57:20]} Kg6 {[%clk 0:32:59]} 47. Kc2 {[%clk 0:57:34]} Kf5 {[%clk 0:33:20]}
48. Rxb2 {[%clk 0:57:02]} Rxb2+ {[%clk 0:33:45]} 49. Kxb2 {[%clk 0:57:25]} Ke4
{[%clk 0:33:59]} 50. Kc3 {[%clk 0:57:49]} f5 {[%clk 0:33:54]} 51. Kc4 {[%clk
0:58:00]} f6 {[%clk 0:33:56]} 52. Kc5 {[%clk 0:58:20]} Kd3 {[%clk 0:34:18]} 53.
Kb6 {[%clk 0:58:36]} e5 {[%clk 0:34:40]} 54. Kxa6 {[%clk 0:58:51]} e4 {[%clk
0:35:05]} 55. Kb5 {[%clk 0:59:14]} f4 {[%clk 0:35:26]} 56. Kc4+ 0-1

[Event "DVM U12 2017"]
[Site "Magdeburg GER"]
[Date "2017.12.30"]
[Round "7"]
[White "Wusterack, Paul"]
[Black "Phan Trong, Dai"]
[Result "0-1"]
[Termination "normal"]
[Board "3.2"]
[WhiteElo "1432"]
[BlackElo "1587"]
[WhiteClock "00:06:15"]
[BlackClock "01:15:11"]
[WhiteTeam "SC Turm Lüneburg"]
[BlackTeam "SV Dresden-Leuben"]
[PlyCount "96"]
[WhiteFideId "16255356"]
[BlackFideId "16236939"]
[EventCountry "GER"]
[EventRounds "7"]
[EventType "team-swiss"]
[EventDate "2017.12.26"]

1. d4 {[%clk 1:30:56]} d5 {[%clk 1:30:56]} 2. Bf4 {[%clk 1:31:21]} Bf5 {[%clk
1:31:04]} 3. e3 {[%clk 1:31:23]} e6 {[%clk 1:31:17]} 4. Nf3 {[%clk 1:30:53]}
Nf6 {[%clk 1:30:07]} 5. c4 {[%clk 1:27:47]} c5 {[%clk 1:29:18]} 6. Nc3 {[%clk
1:27:24]} Qb6 {[%clk 1:27:42]} 7. Nb5 {[%clk 1:21:49]} Na6 {[%clk 1:26:14]} 8.
a3 {[%clk 1:09:41]} Be7 {[%clk 1:24:29]} 9. Nh4 {[%clk 0:57:10]} Bg6 {[%clk
1:24:00]} 10. Nxg6 {[%clk 0:57:09]} hxg6 {[%clk 1:24:22]} 11. Rb1 {[%clk
0:52:00]} O-O {[%clk 1:24:20]} 12. Nc3 {[%clk 0:48:48]} Rfd8 {[%clk 1:23:39]}
13. cxd5 {[%clk 0:47:38]} Nxd5 {[%clk 1:22:54]} 14. Bxa6 {[%clk 0:38:57]} bxa6
{[%clk 1:22:49]} 15. Nxd5 {[%clk 0:25:32]} Rxd5 {[%clk 1:22:58]} 16. Qc2 {[%clk
0:25:12]} cxd4 {[%clk 1:22:36]} 17. exd4 {[%clk 0:25:20]} Qxd4 {[%clk 1:22:21]}
18. Be3 {[%clk 0:24:57]} Qg4 {[%clk 1:21:34]} 19. O-O {[%clk 0:23:46]} Rh5
{[%clk 1:19:39]} 20. Qd1 {[%clk 0:22:40]} Qe4 {[%clk 1:16:31]} 21. Qd4 {[%clk
0:18:15]} Qxd4 {[%clk 1:13:49]} 22. Bxd4 {[%clk 0:18:33]} Rd5 {[%clk 1:13:57]}
23. Be3 {[%clk 0:18:44]} Bc5 {[%clk 1:14:20]} 24. Bxc5 {[%clk 0:18:11]} Rxc5
{[%clk 1:14:42]} 25. g3 {[%clk 0:18:06]} Rb8 {[%clk 1:15:03]} 26. b4 {[%clk
0:18:25]} Rcb5 {[%clk 1:15:19]} 27. Rfc1 {[%clk 0:16:55]} a5 {[%clk 1:14:54]}
28. Rc7 {[%clk 0:16:43]} axb4 {[%clk 1:15:05]} 29. Rxa7 {[%clk 0:16:51]} bxa3
{[%clk 1:15:23]} 30. Rxb5 {[%clk 0:17:12]} Rxb5 31. Rxa3 {[%clk 0:17:37]} f6
{[%clk 1:14:57]} 32. Ra8+ {[%clk 0:15:25]} Kh7 {[%clk 1:15:09]} 33. h4 {[%clk
0:15:18]} g5 {[%clk 1:15:20]} 34. h5 {[%clk 0:14:28]} g4 {[%clk 1:15:32]} 35.
Ra4 {[%clk 0:13:48]} Rg5 {[%clk 1:15:46]} 36. Re4 {[%clk 0:13:22]} e5 {[%clk
1:15:45]} 37. f3 {[%clk 0:11:34]} gxf3 {[%clk 1:15:27]} 38. g4 {[%clk 0:11:55]}
g6 {[%clk 1:15:21]} 39. hxg6+ {[%clk 0:12:00]} Kxg6 {[%clk 1:14:22]} 40. Kf2
{[%clk 0:12:06]} f5 {[%clk 1:14:47]} 41. Rxe5 {[%clk 0:08:59]} fxg4 {[%clk
1:15:08]} 42. Re3 {[%clk 0:08:40]} Rf5 {[%clk 1:14:52]} 43. Kf1 {[%clk
0:07:38]} Kg5 {[%clk 1:14:37]} 44. Kf2 {[%clk 0:06:55]} Kf4 {[%clk 1:14:28]}
45. Re1 {[%clk 0:06:27]} g3+ {[%clk 1:14:35]} 46. Kf1 {[%clk 0:06:28]} Rh5
{[%clk 1:14:36]} 47. Kg1 {[%clk 0:06:04]} f2+ {[%clk 1:14:43]} 48. Kg2 {[%clk
0:06:15]} Rh2+ {[%clk 1:15:11]} 0-1

[Event "DVM U12 2017"]
[Site "Magdeburg GER"]
[Date "2017.12.30"]
[Round "7"]
[White "Hentschel, Lena"]
[Black "Bildat, Emilia"]
[Result "1/2-1/2"]
[Termination "normal"]
[Board "3.3"]
[WhiteElo "1449"]
[BlackElo "1395"]
[WhiteClock "01:08:36"]
[BlackClock "01:28:00"]
[WhiteTeam "SV Dresden-Leuben"]
[BlackTeam "SC Turm Lüneburg"]
[PlyCount "46"]
[WhiteFideId "16240324"]
[BlackFideId "16218140"]
[EventCountry "GER"]
[EventRounds "7"]
[EventType "team-swiss"]
[EventDate "2017.12.26"]

1. d4 {[%clk 1:30:58]} d5 {[%clk 1:30:52]} 2. Bf4 {[%clk 1:31:20]} Nf6 {[%clk
1:31:16]} 3. Nf3 {[%clk 1:31:36]} Bf5 {[%clk 1:31:14]} 4. e3 {[%clk 1:31:33]}
e6 {[%clk 1:31:02]} 5. Bd3 {[%clk 1:31:18]} Ne4 {[%clk 1:31:03]} 6. h3 {[%clk
1:28:05]} Be7 {[%clk 1:31:04]} 7. O-O {[%clk 1:27:10]} c6 {[%clk 1:31:11]} 8.
c3 {[%clk 1:24:32]} O-O {[%clk 1:29:21]} 9. Qc2 {[%clk 1:21:46]} Nd7 {[%clk
1:29:11]} 10. Nbd2 {[%clk 1:20:42]} Ndf6 {[%clk 1:29:13]} 11. Be5 {[%clk
1:16:15]} Nxd2 {[%clk 1:29:06]} 12. Nxd2 {[%clk 1:14:24]} Bxd3 {[%clk 1:28:46]}
13. Qxd3 {[%clk 1:14:15]} Bd6 {[%clk 1:28:50]} 14. Bxd6 {[%clk 1:12:01]} Qxd6
{[%clk 1:29:12]} 15. e4 {[%clk 1:10:31]} dxe4 {[%clk 1:29:27]} 16. Nxe4 {[%clk
1:10:49]} Nxe4 {[%clk 1:28:54]} 17. Qxe4 {[%clk 1:10:51]} Qd5 {[%clk 1:28:41]}
18. Qxd5 {[%clk 1:10:27]} exd5 {[%clk 1:27:56]} 19. Rfe1 {[%clk 1:09:57]} Rfe8
{[%clk 1:28:15]} 20. Kf1 {[%clk 1:09:34]} f6 {[%clk 1:28:05]} 21. Rxe8+ {[%clk
1:08:46]} Rxe8 {[%clk 1:28:17]} 22. Re1 {[%clk 1:08:12]} Rxe1+ {[%clk 1:28:15]}
23. Kxe1 {[%clk 1:08:36]} Kf7 {[%clk 1:28:00]} 1/2-1/2